All-Time Dream XI - Statistics

General Stats
  • This quiz has been taken 32 times
  • The average score is 6 of 15
Answer Stats
Hint Answer % Correct
RW Messi
100%
LW Ronaldo
100%
CF/ST Pele
79%
CB Maldini
68%
GK Neuer
58%
CAM/CF Cruyff
47%
CM Xavi
47%
CB Beckenbauer
42%
CAM/CF Ronaldinho
32%
CM Beckham
16%
CB Ferdinand
16%
CB Vidic
16%
CM Gullit
11%
ST Henry
11%
GK Cech
5%
No matching quizzes found
Score Distribution
Percent of People with Each Score
Percentile by Number Answered
Your Score History
You have not taken this quiz